02384nam a2200301 i 4500003000900000005001700009007000300026008004100029020001800070040003100088041000800119082002800127100005100155245048400206264011400690300005500804336002700859337003500886338002900921504003400950505076100984650007701745650004201822651007501864653003301939700004301972710006702015DO-SdBNP20251015104237.0ta250530b2024 dr ac||| |||| 00| 0 spa d a9789945634341 aDO-SdBNPbspacBNPHU erda aspa 4a304.8097293bB641t 2221 aBlanco Cepín, Magyoly Victoria,4aut.eautor10aTrascendiendo fronteras : buna guía sobre las oportunidades a favor de la diáspora dominicana /cMagyoly Victoria Blanco Cepin, Nicole Checo Rodríguez ; coordinación, tutoría y revisión, Adriana Yelina de la Cruz Holguín ; revisión técnica, Pablo Asencio, Mario Gallego Cosme, Ilmarys Capellán, Lissa Pérez Patrocino ; coordinadora editorial, Aimara Vera Riverón ; corrección de estilo, Kary Alba Rocha Arias ; diseño y diagramación, Laura Longa M. 4aSanto Domingo, Republica Dominicana :bInstituto Nacional de Migración de la Republica Dominicana,c©2024. a104 páginas :bilustraciones, retratos ;c27 cm. atextobtxt2rdacontent asin mediación bn2rdamedia  avolumenbnc2rdacarrier  aBibliografía: páginas 99- aIntroducción, 9.-- Objetivo, 11.-- Protección social trasnacional, 13.-- Estrategia Nacional de Desarrollo 2030 (END) y el Plan Plurianual del Sector Público, 21.-- Consideraciones finales sobre la protección social trasnacional, 25.-- Trascendiendo fronteras : una guía sobre las oportunidades a favor de la diáspora dominicana, 33.-- Sector educación, 38.-- Sector salud, 52.-- Organismos descentralizados del sector salud, 56.-- Sector cultural, 58.-- Sector deportivo, 64.-- Sector transporte, 66.-- Sector económico, 68.-- Relaciones exteriores, 72.-- Sector seguridad, 78.-- Sistema tributario de la República Dominicana, 80.-- Medidas gubernamentales en materias civil y electoral, 82.-- Conclusión, 89.-- Recomendaciones, 95.--  4aEmigración e Inmigración xAspectos socialeszRepública Dominicana 4aGuíasxDominicanos en el extranjero 0aRepública DominicanaxRelaciones con sus nacionales en el extranjero aDominicanos en el extranjero1 aCheco Rodríguez, Nicoleeautor4aut.1 aInstituto Nacional de Migración del la Republica Dominicana